Understanding the self/ (Record no. 364557)
[ view plain ]
| 000 -LEADER | |
|---|---|
| fixed length control field | 00404nam a2200133Ia 4500 |
| 008 - FIXED-LENGTH DATA ELEMENTS--GENERAL INFORMATION | |
| fixed length control field | 201002s9999 xx 000 0 und d |
| 020 ## - INTERNATIONAL STANDARD BOOK NUMBER | |
| International Standard Book Number | 978-971-980-885-5 |
| 100 ## - MAIN ENTRY--PERSONAL NAME | |
| Personal name | Brawner, Dalisay G. |
| 245 ## - TITLE STATEMENT | |
| Statement of responsibility, etc | Dalisay G. Brawner, Analiza F. Arcega |
| Title | Understanding the self/ |
| 260 ## - PUBLICATION, DISTRIBUTION, ETC. (IMPRINT) | |
| Place of publication, distribution, etc | Manila: |
| Name of publisher, distributor, etc | C&E Publishing |
| Date of publication, distribution, etc | 2018 |
| 300 ## - PHYSICAL DESCRIPTION | |
| Extent | xii, 151 pages |
| Dimensions | 22 cm. |
| 650 ## - SUBJECT ADDED ENTRY--TOPICAL TERM | |
| Topical term or geographic name as entry element | Personality |
| 650 ## - SUBJECT ADDED ENTRY--TOPICAL TERM | |
| Topical term or geographic name as entry element | Self-perfection |
| Withdrawn status | Lost status | Damaged status | Home library | Current library | Shelving location | Date acquired | Source of acquisition | Total Checkouts | Full call number | Barcode | Date last seen | Price effective from | Koha item type |
|---|---|---|---|---|---|---|---|---|---|---|---|---|---|
| Luxembourg Library | Luxembourg Library | Filipiniana Section | 10/02/2020 | Library Fund | BF 698 .B73 2018 | 20928 | 10/02/2020 | 10/02/2020 | Books |